Dávky v hmotnej núdzi

Formy pomoci v hmotnej núdzi. Kto má nárok na dávky v hmotnej núdzi a aké sú podmienky pre vzniknutie nároku na ne.

Guardado en:
Detalles Bibliográficos
Autor principal: Vršanská, Petra
Formato: Capítulo de libro
Lenguaje:eslovaco
Materias:
Etiquetas: Agregar Etiqueta
Sin Etiquetas, Sea el primero en etiquetar este registro!

MARC

LEADER 00000naa a2200000 4500
001 0210768
005 20231120135642.9
041 0 |a slo 
044 |a SK 
245 1 0 |a Dávky v hmotnej núdzi  |c Petra Vršanská 
520 |a Formy pomoci v hmotnej núdzi. Kto má nárok na dávky v hmotnej núdzi a aké sú podmienky pre vzniknutie nároku na ne. 
610 2 0 |a núdza hmotná 
610 2 0 |a dávky 
100 1 |a Vršanská, Petra